حول اللفظ الدخيل و المجتمع اللغوي و الاوضاع الفنية وغيرها

محفوظ في:

المؤلف الرئيسي: جبران النحاس.

التنسيق: كتاب

اللغة: Undetermined

منشور في: Alexandria 1937

الوسوم: إضافة وسم

لا توجد وسوم, كن أول من يضع وسما على هذه التسجيلة!

رقم الطلب: P31 NAHH

LEADER 00401nam a2200121Ia 4500
008 240404s9999||||xx |||||||||||||| ||und||
050 4 |a P31 NAHH 
100 1 |a جبران النحاس. 
245 1 0 |a حول اللفظ الدخيل و المجتمع اللغوي و الاوضاع الفنية وغيرها  |c جبران النحاس 
264 1 |a Alexandria  |c 1937 
300 |a 29  |c 21 
942 |2 lcc  |c BK 
999 |c 58124  |d 58124